书目信息 |
| 题名: |
大挑战:德国的海洋之路
|
|
| 作者: | 白海军 著 | |
| 分册: | ||
| 出版信息: | 南京 江苏人民出版社 2014.04 |
|
| 页数: | 264页 | |
| 开本: | 26cm | |
| 丛书名: | ||
| 单 册: | ||
| 中图分类: | E516.53 | |
| 科图分类: | ||
| 主题词: | 军事 | |
| 电子资源: | ||
| ISBN: | 7-214-11427-5 | |
| 000 | 00582nam0 2200193 450 | |
| 001 | 2339827788 | |
| 005 | 20230215110519.44 | |
| 010 | @a7-214-11427-5@dCNY36.00 | |
| 100 | @a20230215d2014 km y0chiy0120 ea | |
| 101 | 0 | @achi |
| 102 | @aCN@b320000 | |
| 200 | 1 | @a大挑战:德国的海洋之路@ADa Tiao Zhan:De Guo De Hai Yang Zhi Lu@f白海军著@FBai Hai Jun Zhu |
| 210 | @a南京@c江苏人民出版社@d2014.04 | |
| 215 | @a264页@d26cm | |
| 606 | 0 | @a军事 |
| 690 | @aE516.53@v4 | |
| 701 | 0 | @a白海军@ABai Hai Jun@4著 |
| 801 | 0 | @aCN@b大连网信软件有限公司图书馆·11@c20230215 |
| 905 | @aZUCC@dE516.53@e109 | |
| 大挑战:德国的海洋之路/白海军著.-南京:江苏人民出版社,2014.04 |
| 264页;26cm |
| ISBN 7-214-11427-5:CNY36.00 |
| ● |
| 相关链接 |
|
|
|
|
正题名:大挑战:德国的海洋之路
索取号:E516.53/109
 
预约/预借
| 序号 | 登录号 | 条形码 | 馆藏地/架位号 | 状态 | 备注 |
| 1 | 1052664 | 210526643 | 第一样本阅览室/ [索取号:E516.53/109] | 在馆 |